Acta zootechnica sborník Vysokej školy poľnohospodárskej v Nitre : Agronomická fakulta

Bibliographic Details
Previous Title:Sborník Vysokej školy poľnohospodárskej v Nitre. Zootechnická časť
Sborník Vysokej školy poľnohospodárskej v Nitre. Prevádzkovo-ekonomická fakulta
Format: Serial
Language:Slovak
German
PhysicalDescription:zv. 21-23 cm
Published: V Bratislave Slovenské vydavateľstvo pôdohospodárskej literatúry 1966-1997
V Bratislave Príroda
V Nitre Vysoká škola poľnohospodárska
ISBN:8007000887 (brož. : r. 1989)
8007002863 (brož. : r. 1990)
8007004742 (brož. : r. 1991)
8071371165 (brož. : r. 1993)
807137170X (brož. : r. 1994)
8071372080 (brož. : r. 1995)
807137346X (brož. : r. 52/1996)
8071374407 (brož. : r. 1997)
8071372706 (brož. : r. 51/1996)
ISSN:0567-8331
Series:Živočíšna výroba
Subjects:

MARC

LEADER 00000cas a2200000 a 4500
001 vtls001350727
003 SK-MaSNL
005 20260228155748.0
008 160415d19661997xo || r 0000|0slo
015 |a SNBA1999/03-00927  |a SNBA1997/0200470 (51/1996)  |a SNBA1997/1203473 (52/1996) 
020 |a 8007000887 (brož. : r. 1989) 
020 |a 8007002863 (brož. : r. 1990) 
020 |a 8007004742 (brož. : r. 1991) 
020 |a 8071371165 (brož. : r. 1993) 
020 |a 807137170X (brož. : r. 1994) 
020 |a 8071372080 (brož. : r. 1995) 
020 |a 807137346X (brož. : r. 52/1996) 
020 |a 8071374407 (brož. : r. 1997) 
020 |a 8071372706 (brož. : r. 51/1996) 
022 |a 0567-8331 
035 |a SNK000304071 
040 |a SNK  |b slo  |c SNK  |e AACR2 
041 0 |a slo  |a ger  |b eng  |b rus 
044 |a xo  |c SK 
072 7 |a 636  |x Chov zvierat. Živočíšna výroba  |2 konspekt 
080 |a 636  |2 2011 
080 |a 050  |2 2011 
080 |a (082)  |2 2011 
210 0 |a Acta zootech. 
222 0 |a Acta zootechnica 
245 0 0 |a Acta zootechnica  |b sborník Vysokej školy poľnohospodárskej v Nitre : Agronomická fakulta 
246 1 4 |a Acta zootechnica Universitatis agriculturae Nitra, Czechoslovakia 
260 |a V Bratislave  |b Slovenské vydavateľstvo pôdohospodárskej literatúry  |c 1966-1997 
260 2 |3 1969-1991  |a V Bratislave  |b Príroda 
260 3 |3 1993-1997  |a V Nitre  |b Vysoká škola poľnohospodárska 
300 |a zv.  |c 21-23 cm 
310 |a Nepravidelne 
362 0 |a Roč. XIII (1966)-roč. 53 (1997) 
490 1 |a Živočíšna výroba 
500 |a Zmena podnázvu: 1968-1971, zborník Ústavu biológie hospodárskych zvierat agronomickej fakulty VŠP Nitra ; 1972-1991, zborník Agronomickej fakulty VŠP Nitra ; 1993, zborník Vysokej školy poľnohospodárskej v Nitre ; 1994, vedecký zborník Vysokej školy poľnohospodráskej v Nitre ; 1995-1997, zborník vedeckých prác Vysokej školy poľnohospodráskej v Nitre 
504 |a Bibliografia 
546 |a Text aj v nem. ; res. v angl., rus. 
550 |a 1966-1967 vydala Vysoká škola poľnohospodárska v Nitre v Slovenskom vyd. pôdohospodráskej literatúry 
550 |a 1968 vydal Ústav biológie hospodárskych zvierat VŠP v Nitre v Slovenskom vyd. pôdohospodráskej literatúry 
550 |a 1969-1971 vydal Ústav biológie hospodárskych zvierat VŠP v Nitre vo vyd. Príroda 
550 |a 1972-1991 vydala Agronomická fakulta VŠP v Nitre vo vyd. Príroda 
650 0 7 |a živočíšna výroba  |2 SNKPH  |9 2836 
650 0 7 |a Animal industry  |2 SNKPHeng  |9 265282 
650 0 7 |a zootechnika  |2 SNKPH  |9 68200 
650 0 7 |a Zootechnology  |2 SNKPHeng  |9 265283 
655 7 |a zborníky  |2 SNKPH  |9 70165 
655 7 |a Papers of several authors  |2 SNKPHeng  |9 153738 
655 7 |a Scientific works  |2 SNKPHeng  |9 265284 
655 7 |a vedecké práce  |2 SNKPH  |9 86817 
710 2 |a Vysoká škola poľnohospodárska v Nitre  |4 pbl  |9 165743 
752 |a Slovensko  |d Bratislava 
752 |a Slovensko  |d Nitra 
780 0 0 |t Sborník Vysokej školy poľnohospodárskej v Nitre. Zootechnická časť  |w vtls010473236 
780 0 0 |t Sborník Vysokej školy poľnohospodárskej v Nitre. Prevádzkovo-ekonomická fakulta  |w vtls008311467 
830 0 |a Živočíšna výroba  |9 265285 
910 |a snk 
916 |a 1966-1997 
919 |a 80-07-00088-7 
919 |a 80-07-00286-3 
919 |a 80-07-00474-2 
919 |a 80-7137-116-5 
919 |a 80-7137-170-X 
919 |a 80-7137-208-0 
919 |a 80-7137-346-X 
919 |a 80-7137-270-6 
919 |a 80-7137-440-7 
958 |a TL 
958 |a NB 
958 |a ZB 
999 |c 458  |d 458 
952 |0 0  |1 0  |4 0  |7 0  |a SNK  |b SNK  |d 2018-04-18  |i snkKSP 8934/82  |l 0  |o snkČSC 922/B/38/1982 D1  |p 17A1153895  |r 2026-02-21 19:43:26  |w 2026-02-21  |y PREZ 
952 |0 0  |1 0  |4 0  |7 0  |a SNK  |b SNK  |d 2018-04-18  |i snkKSP 6281/84  |l 0  |o snkČSC 922/B/40/1984 D1  |p 17A1153897  |r 2026-02-21 19:43:26  |w 2026-02-21  |y PREZ 
952 |0 0  |1 0  |4 0  |7 0  |a SNK  |b SNK  |d 2018-04-18  |i snkKSP 7660/83  |l 0  |o snkČSC 922/B/39/1983 D1  |p 17A1153896  |r 2026-02-21 19:43:26  |w 2026-02-21  |y PREZ 
952 |0 0  |1 0  |4 0  |7 0  |a SNK  |b SNK  |d 2018-04-18  |i snkKSP 8196/81  |l 0  |o snkČSC 922/B/37/1981 D1  |p 17A1153894  |r 2026-02-21 19:43:26  |w 2026-02-21  |y PREZ 
952 |0 0  |1 0  |4 0  |7 0  |a SNK  |b SNK  |d 2006-05-15  |i snkKSP 52/67  |l 0  |o snkČSC 922/B/14/1966 D1  |p 17A0507798  |r 2026-02-21 19:52:29  |w 2026-02-21  |y PREZ 
952 |0 0  |1 0  |4 0  |7 0  |a SNK  |b SNK  |d 1998-12-14  |i snkKSP 11554/98  |l 0  |o snkČSC 922/B/53/1997 D1  |p 17A0171866  |r 2005-01-02 00:00:00  |w 2026-02-21  |y PREZ 
952 |0 0  |1 0  |4 0  |7 0  |a SNK  |b SNK  |d 2006-08-24  |i snkKSP 576/72  |l 0  |o snkČSC 922/B/24/1972 D1  |p 17A0519409  |r 2026-02-21 20:08:43  |w 2026-02-21  |y PREZ 
952 |0 0  |1 0  |4 0  |7 0  |a SNK  |b SNK  |d 2003-12-10  |f 1  |i snkKSP 51/67  |l 0  |o snkČSC 922/B/14/1966  |p 17A0407984  |r 2005-01-02 00:00:00  |w 2026-02-21  |y PREZ 
952 |0 0  |1 0  |4 0  |7 0  |a SNK  |b SNK  |d 2018-04-18  |i snkKSP 1711/95  |l 0  |o snkČSC 922/B/49/1994 D1  |p 17A1153906  |r 2026-02-21 20:19:28  |w 2026-02-21  |y PREZ 
952 |0 0  |1 0  |4 0  |7 0  |a SNK  |b SNK  |d 2018-04-18  |i snkKSP 1309/94  |l 0  |o snkČSC 922/B/48/1993 D1  |p 17A1153905  |r 2026-02-21 20:19:28  |w 2026-02-21  |y PREZ 
952 |0 0  |1 0  |4 0  |7 0  |a SNK  |b SNK  |d 2018-04-18  |i snkKSP 876/92  |l 0  |o snkČSC 922/B/47/1991 D1  |p 17A1153904  |r 2026-02-21 20:19:29  |w 2026-02-21  |y PREZ 
952 |0 0  |1 0  |4 0  |7 0  |a SNK  |b SNK  |d 2018-04-18  |i snkKSP 1532/90  |l 0  |o snkČSC 922/B/45/1989 D1  |p 17A1153903  |r 2026-02-21 20:19:29  |w 2026-02-21  |y PREZ 
952 |0 0  |1 0  |4 0  |7 0  |a SNK  |b SNK  |d 2018-04-18  |i snkKSP 8450/88  |l 0  |o snkČSC 922/B/43/1988 D1  |p 17A1153902  |r 2026-02-21 20:19:29  |w 2026-02-21  |y PREZ 
952 |0 0  |1 0  |4 0  |7 0  |a SNK  |b SNK  |d 2006-08-24  |i snkKSP 6468/73  |l 0  |o snkČSC 922/B/26/1973 D1  |p 17A0519446  |r 2026-02-21 20:22:13  |w 2026-02-21  |y PREZ 
952 |0 0  |1 0  |4 0  |7 0  |a SNK  |b SNK  |d 2000-08-08  |f 1  |i snkKSP 8449/88  |l 0  |o snkČSC 922/B/43/1988  |p 17A0248854  |r 2004-12-31 00:00:00  |w 2026-02-21  |y PREZ 
952 |0 0  |1 0  |4 0  |7 0  |a SNK  |b SNK  |d 1997-09-26  |i snk4367/970930  |l 0  |o snkC 2199  |r 2005-01-02 00:00:00  |t 52/1996  |w 2026-02-21  |y NEVYP 
952 |0 0  |1 0  |4 0  |7 0  |a SNK  |b SNK  |d 1997-09-26  |i snkKSP 9909/97  |l 0  |o snkČSC 922/B/52/1996  |p 17A0105727  |r 2005-01-02 00:00:00  |w 2026-02-21  |y PREZ 
952 |0 0  |1 0  |4 0  |7 0  |a SNK  |b SNK  |d 1997-09-26  |f 1  |i snkKSP 9910/97  |l 0  |o snkČSC 922/B/52/1996 D1  |p 17A0092591  |r 2005-01-02 00:00:00  |w 2026-02-21  |y PREZ 
952 |0 0  |1 0  |4 0  |7 0  |a SNK  |b SNK  |d 2000-08-08  |f 1  |i snkKSP 2783/87  |l 0  |o snkČSC 922/B/42/1987  |p 17A0248858  |r 2005-01-02 00:00:00  |w 2026-02-21  |y PREZ 
952 |0 0  |1 0  |4 0  |7 0  |a SNK  |b SNK  |d 2018-04-18  |i snkKSP 5403/86  |l 0  |o snkČSC 922/B/41/1986 D1  |p 17A1153898  |r 2026-02-21 20:39:20  |w 2026-02-21  |y PREZ 
952 |0 0  |1 0  |4 0  |7 0  |a SNK  |b SNK  |d 2009-05-29  |f 1  |i snkKSP 2902/66  |l 0  |o snkČSC 922/B/13/1966  |p 17A0621320  |r 2026-02-21 20:39:47  |w 2026-02-21  |y PREZ 
952 |0 0  |1 0  |4 0  |7 0  |a SNK  |b SNK  |d 2001-03-20  |f 1  |i snkKSP 8195/81  |l 0  |o snkČSC 922/B/37/1981  |p 17A0294985  |r 2005-01-02 00:00:00  |w 2026-02-21  |y PREZ 
952 |0 0  |1 0  |4 0  |7 0  |a SNK  |b SNK  |d 2003-12-10  |f 1  |i snkKSP 3317/71  |l 0  |o snkČSC 922/B/22/1971  |p 17A0407906  |r 2005-01-02 00:00:00  |w 2026-02-21  |y PREZ 
952 |0 0  |1 0  |4 0  |7 0  |a SNK  |b SNK  |d 2018-04-18  |i snkKSP 874/92  |l 0  |o snkČSC 922/B/46/1990 D1  |p 17A1153900  |r 2026-02-21 20:49:29  |w 2026-02-21  |y PREZ 
952 |0 0  |1 0  |4 0  |7 0  |a SNK  |b SNK  |d 2018-04-18  |i snkKSP 2784/87  |l 0  |o snkČSC 922/B/42/1987 D1  |p 17A1153899  |r 2026-02-21 20:49:29  |w 2026-02-21  |y PREZ 
952 |0 0  |1 0  |4 0  |7 0  |a SNK  |b SNK  |d 1996-11-20  |i snk4105/961122  |l 0  |o snkC 3125  |r 2005-01-01 00:00:00  |t 51/1996  |w 2026-02-21  |y NEVYP 
952 |0 0  |1 0  |4 0  |7 0  |a SNK  |b SNK  |d 1996-11-20  |f 1  |i snkKSP 10038/96  |l 0  |o snkČSC 922/B/51/1996  |p 17A0039014  |r 2005-01-01 00:00:00  |w 2026-02-21  |y PREZ 
952 |0 0  |1 0  |4 0  |7 0  |a SNK  |b SNK  |d 1996-11-20  |i snkKSP 10039/96  |l 0  |o snkČSC 922/B/51/1996 D1  |p 17A0022360  |r 2005-01-01 00:00:00  |w 2026-02-21  |y PREZ 
952 |0 0  |1 0  |4 0  |7 0  |a SNK  |b SNK  |d 2008-05-28  |i snkKSP 3983/69  |l 0  |o snkČSC 922/B/18/1969 D1  |p 17A0588373  |r 2026-02-21 21:12:24  |w 2026-02-21  |y PREZ 
952 |0 0  |1 0  |4 0  |7 0  |a SNK  |b SNK  |d 2008-05-28  |i snkKSP 768/70  |l 0  |o snkČSC 922/B/19/1969 D1  |p 17A0588617  |r 2026-02-21 21:12:24  |w 2026-02-21  |y PREZ 
952 |0 0  |1 0  |4 0  |7 0  |a SNK  |b SNK  |d 1998-12-14  |f 1  |i snkKSP 11553/98  |l 0  |o snkČSC 922/B/53/1997  |p 17A0171865  |r 2005-01-02 00:00:00  |w 2026-02-21  |y PREZ 
952 |0 0  |1 0  |4 0  |7 0  |a SNK  |b SNK  |d 2003-12-10  |f 1  |i snkKSP 599/68  |l 0  |o snkČSC 922/B/16/1967  |p 17A0407638  |r 2005-01-02 00:00:00  |w 2026-02-21  |y PREZ 
952 |0 0  |1 0  |4 0  |7 0  |a SNK  |b SNK  |d 2000-08-08  |f 1  |i snkKSP 10094/95  |l 0  |o snkČSC 922/B/50/1995  |p 17A0248851  |r 2005-01-02 00:00:00  |w 2026-02-21  |y PREZ 
952 |0 0  |1 0  |4 0  |7 0  |a SNK  |b SNK  |d 2013-11-12  |i snkKSP 822/81  |l 0  |o snkČSC 922/B/36/1980 D1  |p 17A1023499  |r 2026-02-21 21:43:43  |w 2026-02-21  |y PREZ 
952 |0 0  |1 0  |4 0  |7 0  |a SNK  |b SNK  |d 2014-07-31  |f 1  |i snkKSP 750/89  |l 0  |o snkČSC 922/B/44/1988  |p 17A0793353  |r 2026-02-21 21:44:01  |w 2026-02-21  |y PREZ 
952 |0 0  |1 0  |4 0  |7 0  |a SNK  |b SNK  |d 2018-04-11  |i snkKSP 2903/66  |l 0  |o snkČSC 922/B/13/1966 D1  |p 17A1153966  |r 2026-02-21 21:56:59  |w 2026-02-21  |y PREZ 
952 |0 0  |1 0  |4 0  |7 0  |8 2  |a SNK  |b SNK  |d 2018-04-11  |i snkV 1189/76  |l 0  |o snkČSC 922/B/13/1966 D2  |p 17A1153965  |r 2026-02-21 21:56:59  |w 2026-02-21  |y PREZ 
952 |0 0  |1 0  |4 0  |7 0  |a SNK  |b SNK  |d 2018-04-11  |i snkKSP 4083/67  |l 0  |o snkČSC 922/B/15/1967 D1  |p 17A1153964  |r 2026-02-21 21:56:59  |w 2026-02-21  |y PREZ 
952 |0 0  |1 0  |4 0  |7 0  |a SNK  |b SNK  |d 2018-04-11  |i snkKSP 600/68  |l 0  |o snkČSC 922/B/16/1967 D1  |p 17A1153963  |r 2026-02-21 21:56:59  |w 2026-02-21  |y PREZ 
952 |0 0  |1 0  |4 0  |7 0  |a SNK  |b SNK  |d 2018-04-11  |i snkKSP 5265/68  |l 0  |o snkČSC 922/B/17/1968 D1  |p 17A1153962  |r 2026-02-21 21:57:05  |w 2026-02-21  |y PREZ 
952 |0 0  |1 0  |4 0  |7 0  |a SNK  |b SNK  |d 2018-04-12  |i snkKSP 1652/76  |l 0  |o snkČSC 922/B/30/1976 D1  |p 17A1153956  |r 2026-02-21 21:57:17  |w 2026-02-21  |y PREZ 
952 |0 0  |1 0  |4 0  |7 0  |a SNK  |b SNK  |d 2018-04-12  |i snkKSP 7562/74  |l 0  |o snkČSC 922/B/29/1974 D1  |p 17A1153955  |r 2026-02-21 21:57:17  |w 2026-02-21  |y PREZ 
952 |0 0  |1 0  |4 0  |7 0  |8 2  |a SNK  |b SNK  |d 2018-04-12  |i snkV 1191/76  |l 0  |o snkČSC 922/B/28/1974 D2  |p 17A1153954  |r 2026-02-21 21:57:17  |w 2026-02-21  |y PREZ 
952 |0 0  |1 0  |4 0  |7 0  |a SNK  |b SNK  |d 2018-04-12  |i snkKSP 7223/74  |l 0  |o snkČSC 922/B/28/1974 D1  |p 17A1153953  |r 2026-02-21 21:57:17  |w 2026-02-21  |y PREZ 
952 |0 0  |1 0  |4 0  |7 0  |a SNK  |b SNK  |d 2018-04-12  |i snkKSP 192/74  |l 0  |o snkČSC 922/B/27/1973 D1  |p 17A1153952  |r 2026-02-21 21:57:17  |w 2026-02-21  |y PREZ 
952 |0 0  |1 0  |4 0  |7 0  |a SNK  |b SNK  |d 2018-04-12  |i snkKSP 7396/80  |l 0  |o snkČSC 922/B/35/1979 D1  |p 17A1153951  |r 2026-02-21 21:57:17  |w 2026-02-21  |y PREZ 
952 |0 0  |1 0  |4 0  |7 0  |a SNK  |b SNK  |d 2018-04-12  |i snkKSP 5176/78  |l 0  |o snkČSC 922/B/34/1978 D1  |p 17A1153950  |r 2026-02-21 21:57:17  |w 2026-02-21  |y PREZ 
952 |0 0  |1 0  |4 0  |7 0  |a SNK  |b SNK  |d 2018-04-12  |i snkKSP 5634/77  |l 0  |o snkČSC 922/B/33/1977 D1  |p 17A1153949  |r 2026-02-21 21:57:17  |w 2026-02-21  |y PREZ 
952 |0 0  |1 0  |4 0  |7 0  |a SNK  |b SNK  |d 2018-04-12  |i snkKSP 298/77  |l 0  |o snkČSC 922/B/32/1976 D1  |p 17A1153948  |r 2026-02-21 21:57:19  |w 2026-02-21  |y PREZ 
952 |0 0  |1 0  |4 0  |7 0  |a SNK  |b SNK  |d 2018-04-12  |i snkKSP 2012/76  |l 0  |o snkČSC 922/B/31/1976 D1  |p 17A1153947  |r 2026-02-21 21:57:19  |w 2026-02-21  |y PREZ 
952 |0 0  |1 0  |4 0  |7 0  |a SNK  |b SNK  |d 2018-04-12  |i snkKSP 341/73  |l 0  |o snkČSC 922/B/25/1972 D1  |p 17A1153946  |r 2026-02-21 21:57:19  |w 2026-02-21  |y PREZ 
952 |0 0  |1 0  |4 0  |7 0  |8 2  |a SNK  |b SNK  |d 2018-04-12  |i snkV 1190/76  |l 0  |o snkČSC 922/B/23/1972 D2  |p 17A1153941  |r 2026-02-21 21:57:20  |w 2026-02-21  |y PREZ 
952 |0 0  |1 0  |4 0  |7 0  |a SNK  |b SNK  |d 2018-04-12  |i snkKSP 4499/72  |l 0  |o snkČSC 922/B/23/1972 D1  |p 17A1153940  |r 2026-02-21 21:57:20  |w 2026-02-21  |y PREZ 
952 |0 0  |1 0  |4 0  |7 0  |a SNK  |b SNK  |d 2018-04-12  |i snkKSP 3318/71  |l 0  |o snkČSC 922/B/22/1971 D1  |p 17A1153939  |r 2026-02-21 21:57:20  |w 2026-02-21  |y PREZ 
952 |0 0  |1 0  |4 0  |7 0  |a SNK  |b SNK  |d 2018-04-12  |i snkKSP 24/71  |l 0  |o snkČSC 922/B/21/1970 D1  |p 17A1153938  |r 2026-02-21 21:57:21  |w 2026-02-21  |y PREZ 
952 |0 0  |1 0  |4 0  |7 0  |a SNK  |b SNK  |d 2018-04-12  |i snkKSP 2634/70  |l 0  |o snkČSC 922/B/20/1970 D1  |p 17A1153937  |r 2026-02-21 21:57:21  |w 2026-02-21  |y PREZ 
952 |0 0  |1 0  |4 0  |7 0  |a SNK  |b SNK  |d 2018-04-19  |f 1  |i snkKSP 4082/67  |l 0  |o snkČSC 922/B/15/1967  |p 17A0793531  |r 2026-02-21 21:57:32  |w 2026-02-21  |y PREZ 
952 |0 0  |1 0  |4 0  |7 0  |a SNK  |b SNK  |d 2018-04-19  |f 1  |i snkKSP 5264/68  |l 0  |o snkČSC 922/B/17/1968  |p 17A0793524  |r 2026-02-21 21:57:32  |w 2026-02-21  |y PREZ 
952 |0 0  |1 0  |4 0  |7 0  |a SNK  |b SNK  |d 2018-04-19  |f 1  |i snkKSP 3982/69  |l 0  |o snkČSC 922/B/18/1969  |p 17A0793520  |r 2026-02-21 21:57:32  |w 2026-02-21  |y PREZ 
952 |0 0  |1 0  |4 0  |7 0  |a SNK  |b SNK  |d 2018-04-19  |f 1  |i snkKSP 767/70  |l 0  |o snkČSC 922/B/19/1969  |p 17A0793519  |r 2026-02-21 21:57:32  |w 2026-02-21  |y PREZ 
952 |0 0  |1 0  |4 0  |7 0  |a SNK  |b SNK  |d 2018-04-19  |f 1  |i snkKSP 2635/70  |l 0  |o snkČSC 922/B/20/1970  |p 17A0793514  |r 2026-02-21 21:57:32  |w 2026-02-21  |y PREZ 
952 |0 0  |1 0  |4 0  |7 0  |a SNK  |b SNK  |d 2018-04-19  |f 1  |i snkKSP 23/71  |l 0  |o snkČSC 922/B/21/1970  |p 17A0793513  |r 2026-02-21 21:57:32  |w 2026-02-21  |y PREZ 
952 |0 0  |1 0  |4 0  |7 0  |a SNK  |b SNK  |d 2018-04-19  |f 1  |i snkKSP 4500/72  |l 0  |o snkČSC 922/B/23/1972  |p 17A0793500  |r 2026-02-21 21:57:32  |w 2026-02-21  |y PREZ 
952 |0 0  |1 0  |4 0  |7 0  |a SNK  |b SNK  |d 2018-04-19  |f 1  |i snkKSP 575/72  |l 0  |o snkČSC 922/B/24/1972  |p 17A0793499  |r 2026-02-21 21:57:32  |w 2026-02-21  |y PREZ 
952 |0 0  |1 0  |4 0  |7 0  |a SNK  |b SNK  |d 2018-04-19  |f 1  |i snkKSP 340/73  |l 0  |o snkČSC 922/B/25/1972  |p 17A0793498  |r 2026-02-21 21:57:32  |w 2026-02-21  |y PREZ 
952 |0 0  |1 0  |4 0  |7 0  |a SNK  |b SNK  |d 2018-04-19  |f 1  |i snkKSP 6467/73  |l 0  |o snkČSC 922/B/26/1973  |p 17A0793491  |r 2026-02-21 21:57:33  |w 2026-02-21  |y PREZ 
952 |0 0  |1 0  |4 0  |7 0  |a SNK  |b SNK  |d 2018-04-19  |f 1  |i snkKSP 191/74  |l 0  |o snkČSC 922/B/27/1973  |p 17A0793490  |r 2026-02-21 21:57:33  |w 2026-02-21  |y PREZ 
952 |0 0  |1 0  |4 0  |7 0  |a SNK  |b SNK  |d 2018-04-19  |f 1  |i snkKSP 7222/74  |l 0  |o snkČSC 922/B/28/1974  |p 17A0793482  |r 2026-02-21 21:57:33  |w 2026-02-21  |y PREZ 
952 |0 0  |1 0  |4 0  |7 0  |a SNK  |b SNK  |d 2018-04-19  |f 1  |i snkKSP 7561/74  |l 0  |o snkČSC 922/B/29/1974  |p 17A0793481  |r 2026-02-21 21:57:33  |w 2026-02-21  |y PREZ 
952 |0 0  |1 0  |4 0  |7 0  |a SNK  |b SNK  |d 2018-04-19  |f 1  |i snkKSP 1651/76  |l 0  |o snkČSC 922/B/30/1976  |p 17A0793480  |r 2026-02-21 21:57:35  |w 2026-02-21  |y PREZ 
952 |0 0  |1 0  |4 0  |7 0  |a SNK  |b SNK  |d 2018-04-19  |f 1  |i snkKSP 2011/76  |l 0  |o snkČSC 922/B/31/1976  |p 17A0793479  |r 2026-02-21 21:57:35  |w 2026-02-21  |y PREZ 
952 |0 0  |1 0  |4 0  |7 0  |a SNK  |b SNK  |d 2018-04-19  |f 1  |i snkKSP 297/77  |l 0  |o snkČSC 922/B/32/1976  |p 17A0793478  |r 2026-02-21 21:57:35  |w 2026-02-21  |y PREZ 
952 |0 0  |1 0  |4 0  |7 0  |a SNK  |b SNK  |d 2018-04-19  |f 1  |i snkKSP 5633/77  |l 0  |o snkČSC 922/B/33/1977  |p 17A0793476  |r 2026-02-21 21:57:35  |w 2026-02-21  |y PREZ 
952 |0 0  |1 0  |4 0  |7 0  |a SNK  |b SNK  |d 2018-04-19  |f 1  |i snkKSP 5175/78  |l 0  |o snkČSC 922/B/34/1978  |p 17A0793471  |r 2026-02-21 21:57:35  |w 2026-02-21  |y PREZ 
952 |0 0  |1 0  |4 0  |7 0  |a SNK  |b SNK  |d 2018-04-19  |f 1  |i snkKSP 7395/80  |l 0  |o snkČSC 922/B/35/1979  |p 17A0793468  |r 2026-02-21 21:57:35  |w 2026-02-21  |y PREZ 
952 |0 0  |1 0  |4 0  |7 0  |a SNK  |b SNK  |d 2018-04-19  |f 1  |i snkKSP 821/81  |l 0  |o snkČSC 922/B/36/1980  |p 17A0793466  |r 2026-02-21 21:57:35  |w 2026-02-21  |y PREZ 
952 |0 0  |1 0  |4 0  |7 0  |a SNK  |b SNK  |d 2018-04-19  |f 1  |i snkKSP 8933/82  |l 0  |o snkČSC 922/B/38/1982  |p 17A0793365  |r 2026-02-21 21:57:35  |w 2026-02-21  |y PREZ 
952 |0 0  |1 0  |4 0  |7 0  |a SNK  |b SNK  |d 2018-04-19  |f 1  |i snkKSP 7659/83  |l 0  |o snkČSC 922/B/39/1983  |p 17A0793362  |r 2026-02-21 21:57:36  |w 2026-02-21  |y PREZ 
952 |0 0  |1 0  |4 0  |7 0  |a SNK  |b SNK  |d 2018-04-19  |f 1  |i snkKSP 6280/84  |l 0  |o snkČSC 922/B/40/1984  |p 17A0793360  |r 2026-02-21 21:57:36  |w 2026-02-21  |y PREZ 
952 |0 0  |1 0  |4 0  |7 0  |a SNK  |b SNK  |d 2018-04-19  |f 1  |i snkKSP 5402/86  |l 0  |o snkČSC 922/B/41/1986  |p 17A0793355  |r 2026-02-21 21:57:36  |w 2026-02-21  |y PREZ 
952 |0 0  |1 0  |4 0  |7 0  |a SNK  |b SNK  |d 2018-04-19  |f 1  |i snkKSP 1531/90  |l 0  |o snkČSC 922/B/45/1989  |p 17A0793350  |r 2026-02-21 21:57:36  |w 2026-02-21  |y PREZ 
952 |0 0  |1 0  |4 0  |7 0  |a SNK  |b SNK  |d 2018-04-19  |f 1  |i snkKSP 873/92  |l 0  |o snkČSC 922/B/46/1990  |p 17A0793346  |r 2026-02-21 21:57:36  |w 2026-02-21  |y PREZ 
952 |0 0  |1 0  |4 0  |7 0  |a SNK  |b SNK  |d 2018-04-19  |f 1  |i snkKSP 875/92  |l 0  |o snkČSC 922/B/47/1991  |p 17A0793329  |r 2026-02-21 21:57:36  |w 2026-02-21  |y PREZ 
952 |0 0  |1 0  |4 0  |7 0  |a SNK  |b SNK  |d 2018-04-19  |f 1  |i snkKSP 1308/94  |l 0  |o snkČSC 922/B/48/1993  |p 17A0812384  |r 2026-02-21 21:57:36  |w 2026-02-21  |y PREZ 
952 |0 0  |1 0  |4 0  |7 0  |a SNK  |b SNK  |d 2018-04-19  |f 1  |i snkKSP 1710/95  |l 0  |o snkČSC 922/B/49/1994  |p 17A0812387  |r 2026-02-21 21:57:36  |w 2026-02-21  |y PREZ 
952 |0 0  |1 0  |4 0  |7 0  |a SNK  |b SNK  |d 2018-05-02  |i snkKSP 751/89  |l 0  |o snkČSC 922/B/44/1988 D1  |p 17A1325314  |r 2026-02-21 22:05:14  |w 2026-02-21  |y PREZ